| 000 | 01353nam0a2200361 4500 | ||
|---|---|---|---|
| 001 | RU\NLR\BIBL_A\022738842 | ||
| 005 | 20260401151743.0 | ||
| 010 | _a978-5-6052609-8-1 | ||
| 021 |
_aRU _bАЛ-П-25-01496и _9АЛ-П-25-0275 |
||
| 035 | _a(NLR Aleph) 022738842 | ||
| 090 |
_a13650336 _c13650336 |
||
| 100 | _a20260227d2022 c y0rusy50 ca | ||
| 101 | 0 |
_aeng _arus |
|
| 102 | _aRU | ||
| 105 | _aa j 000yy | ||
| 181 | 0 |
_ai2 _baxxe |
|
| 181 | 0 |
_ab2 _baxxe |
|
| 182 | 0 | _an | |
| 200 | 1 |
_aLet's fly to the Moon _ePre A1 _eкнига для чтения _e7-10 лет _fавтор: Анна Еркалова _gInternational language school |
|
| 203 |
_aТекст _aИзображение _bвизуальные _cнепосредственные |
||
| 205 | _a2nd ed. | ||
| 210 |
_a[Одинцово] _cМеждународная языковая школа _dcop. 2022 |
||
| 215 |
_a19 с. _d24 |
||
| 225 | 1 |
_aILS readers _iPimary school starter |
|
| 300 | _aТекст на англ. и рус. яз. | ||
| 541 | 1 | _aЛетим на Луну! | |
| 606 | 1 |
_aАнглийский язык _jХрестоматии для начальной школы _2nlr_sh2 _3RU\NLR\AUTH\6646032 |
|
| 686 | 3 | _aШ143.21-93рус21[1/4] | |
| 700 | 1 |
_aErkalova _bA. _gAnna |
|
| 942 | _cBOOK | ||
| 980 | _aNB | ||